导出完成 — 

 Principles of microeconomics

Đã lưu trong:
书目详细资料
主要作者:  Frank, Robert H
格式: Sách
语言:Undetermined
出版:  McGraw-Hill/Irwin  2011
主题:
标签: 添加标签
没有标签, 成为第一个标记此记录!
Thư viện lưu trữ: Trung tâm Thư viện - Trường Đại học Công nghiệp TP. Hồ Chí Minh
LEADER 00474nam a2200157Ia 4500
001 UIH_05787
008 231011s9999 xx 000 0 und d
082 |a  338.5 
100 |a  Frank, Robert H 
245 0 |a  Principles of microeconomics 
245 0 |c  Frank, Robert H 
260 |b  McGraw-Hill/Irwin 
260 |c  2011 
650 |a  Kinh tế vi mô;  
927 |a Sách 
980 |a Trung tâm Thư viện - Trường Đại học Công nghiệp TP. Hồ Chí Minh